000 00564nam a2200229Ia 4500
003 OSt
005 20220918202649.0
006 a|||||r|||| 00| 0
007 ta
008 220917b |||||||| |||| 00| 0 eng d
024 _a102,916
037 _cTextual
040 _aARTS
_cARTS
_beng
041 _2eng
_aeng
082 _aV254:21z7M88, J1
100 _aAsaf Ali M
_9104820
245 0 _aCommon man's state, etc
260 _c1951
650 _aHISTORY
942 _hV254:21z7M88, J1
_cTEXL
_2CC
999 _c226361
_d226361